Economía sin corbata : (Registro nro. 4756)

Detalles MARC
000 -LEADER
fixed length control field 01244nam a2200301Ia 4500
003 - CONTROL NUMBER IDENTIFIER
control field OSt
005 - DATE AND TIME OF LATEST TRANSACTION
control field 20200609235815.0
008 - FIXED-LENGTH DATA ELEMENTS--GENERAL INFORMATION
fixed length control field 191128s9999 xx 000 0 und d
020 ## - INTERNATIONAL STANDARD BOOK NUMBER
International Standard Book Number 9789584245427
040 ## - CATALOGING SOURCE
Original cataloging agency CO-JMCR
Transcribing agency CO-JMCR
041 1# - LANGUAGE CODE
Language code of text/sound track or separate title spa
Language code of original gramo
082 04 - DEWEY DECIMAL CLASSIFICATION NUMBER
Classification number 330 /
Item number V176e
Edition number 23
100 1# - MAIN ENTRY--PERSONAL NAME
Personal name Varoufakis, Yanis,
Relator term autor
9 (RLIN) 4784
245 10 - TITLE STATEMENT
Title Economía sin corbata :
Remainder of title conversaciones con mi hija /
Statement of responsibility, etc. Yanis Varoufakis ; traducción Maria Adriá
250 ## - EDITION STATEMENT
Edition statement Primera edición
260 ## - PUBLICATION, DISTRIBUTION, ETC.
Place of publication, distribution, etc. Bogotá :
Name of publisher, distributor, etc. Planeta : Ariel,
Date of publication, distribution, etc. 2015
300 ## - PHYSICAL DESCRIPTION
Extent 191 páginas ;
Dimensions 23 cm.
505 0# - FORMATTED CONTENTS NOTE
Formatted contents note ¿Por qué tanta desigualdad? -- Precio frente a valor -- Deuda, beneficio, riqueza -- Confianza, crisis, Estado -- Máquinas embrujadas -- Dos mercados edípicos -- ¿Virus idiotas? -- Dinero
520 ## - SUMMARY, ETC.
Summary, etc. Desde que en 2008 la crisis financiera empezara a azotar al mundo, la economía se ha convertido en tema central de nuestras inquietudes y nuestras conversaciones.
546 ## - LANGUAGE NOTE
Language note Traducido del griego
650 14 - SUBJECT ADDED ENTRY--TOPICAL TERM
Topical term or geographic name entry element Economia
9 (RLIN) 4785
650 14 - SUBJECT ADDED ENTRY--TOPICAL TERM
Topical term or geographic name entry element Economía política
9 (RLIN) 4786
650 14 - SUBJECT ADDED ENTRY--TOPICAL TERM
Topical term or geographic name entry element Desarrollo económico
9 (RLIN) 4787
650 14 - SUBJECT ADDED ENTRY--TOPICAL TERM
Topical term or geographic name entry element Empleo
9 (RLIN) 4788
650 14 - SUBJECT ADDED ENTRY--TOPICAL TERM
Topical term or geographic name entry element Pobreza
9 (RLIN) 4789
710 1# - ADDED ENTRY--CORPORATE NAME
Corporate name or jurisdiction name as entry element Adriá, Maria,
Subordinate unit traductora
9 (RLIN) 4790
942 ## - ADDED ENTRY ELEMENTS (KOHA)
Source of classification or shelving scheme Dewey Decimal Classification
Koha item type Books
Existencias
Withdrawn status Lost status Source of classification or shelving scheme Damaged status Not for loan Collection code Home library Current library Date acquired Source of acquisition Cost, normal purchase price Total Checkouts Total Renewals Full call number Barcode Date last seen Date last checked out Copy number Koha item type Price effective from
    Dewey Decimal Classification     Non-fiction Biblioteca Pública José María del Castillo y Rada Biblioteca Pública José María del Castillo y Rada 04/15/2018 Donación 0.00 1 2 330 / V176e 430000269 10/14/2025 09/11/2025 Ej.1 Books  
    Dewey Decimal Classification     Non-fiction Biblioteca Pública José María del Castillo y Rada Biblioteca Pública José María del Castillo y Rada 04/15/2018 Donación 0.00     330 / V176e 430000270 05/16/2024   Ej.2 Books 05/27/2020